'D' Literary Characters Quiz Stats

 Plays Quiz Updated Sep 8, 2015

Challenge
Share
Tweet
Embed
Score 0/15 Timer 03:00
3 Plays Today
% Correct
J. K. Rowling
91.5%
Charles Dickens
90%
Bram Stoker
89.8%
Miguel de Cervantes
88.5%
F. Scott Fitzgerald
80.9%
George R. R. Martin
77.1%
L. Frank Baum
75.7%
Oscar Wilde
74.1%
% Correct
Stephen King
62.2%
Jack Kerouac
37.9%
George Eliot
36%
Ayn Rand
35.2%
Jeff Lindsay
32.5%
O. Henry
23.7%
Wally Lamb
18.7%

You're not logged in!

Compare scores with friends on all Sporcle quizzes.
OR
Log In

You Might Also Like...

Show Comments

Extras

Top Quizzes Today


Score Distribution

Your Account Isn't Verified!

In order to create a playlist on Sporcle, you need to verify the email address you used during registration. Go to your Sporcle Settings to finish the process.

Report this User

Report this user for behavior that violates our Community Guidelines.

Details: